Administrators in a developing society:West Bengal:a study of the problems of the administration in role performance (Record no. 1124)

MARC details
000 -LEADER
fixed length control field 00555nam a2200169Ia 4500
020 ## - INTERNATIONAL STANDARD BOOK NUMBER
ISBN 81-7040-053-8
082 ## - DEWEY DECIMAL CLASSIFICATION NUMBER
Classification number 352.3095414 BHA-;
100 ## - MAIN ENTRY--AUTHOR NAME
Personal name Bhattacharya, Ratna
245 #0 - TITLE STATEMENT
Title Administrators in a developing society:West Bengal:a study of the problems of the administration in role performance
260 ## - PUBLICATION, DISTRIBUTION, ETC. (IMPRINT)
Place of publication Bombay
Name of publisher Himalaya Publishing
Year of publication 1989
300 ## - PHYSICAL DESCRIPTION
Number of Pages xiii, 188p.
504 ## - BIBLIOGRAPHY, ETC. NOTE
Bibliography, etc Includes bibliography
650 ## - SUBJECT ADDED ENTRY--TOPICAL TERM
Topical Term Executors and administrators - West Bengal
650 ## - SUBJECT ADDED ENTRY--TOPICAL TERM
Topical Term Administration
650 ## - SUBJECT ADDED ENTRY--TOPICAL TERM
Topical Term Socialization - West Bengal
942 ## - ADDED ENTRY ELEMENTS (KOHA)
Koha item type Books
Holdings
Withdrawn status Lost status Damaged status Not for loan Home library Current library Date acquired Bill Date Full call number Accession Number Price effective from Koha item type
        NASSDOC Library NASSDOC Library 08/06/2004 2004-10-22 352.3095414 BHA-; 29531 18/04/2019 Books